Monetary Economics institutions,theory and policy (Record no. 2517)
[ view plain ]
| 000 -LEADER | |
|---|---|
| fixed length control field | 00291nam a22001217a 4500 |
| 020 ## - INTERNATIONAL STANDARD BOOK NUMBER | |
| International Standard Book Number | 812190434X |
| 082 ## - DEWEY DECIMAL CLASSIFICATION NUMBER | |
| Classification number | 332.46 |
| 100 ## - MAIN ENTRY--PERSONAL NAME | |
| Personal name | Gupta,Suraj B. |
| 245 ## - TITLE STATEMENT | |
| Title | Monetary Economics institutions,theory and policy |
| 260 ## - PUBLICATION, DISTRIBUTION, ETC. | |
| Place of publication, distribution, etc. | New Delhi |
| Name of publisher, distributor, etc. | S Chand and Co |
| Date of publication, distribution, etc. | 2008 |
| 300 ## - PHYSICAL DESCRIPTION | |
| Extent | 460 |
| 942 ## - ADDED ENTRY ELEMENTS (KOHA) | |
| Koha item type | Book |
| Withdrawn status | Lost status | Damaged status | Not for loan | Collection code | Permanent Location | Current Location | Shelving location | Date acquired | Total Checkouts | Total Renewals | Full call number | Barcode | Date last seen | Date last checked out | Price effective from | Koha item type |
|---|---|---|---|---|---|---|---|---|---|---|---|---|---|---|---|---|
| Central Library (CL) | Central Library (CL) | General Stacks | 01/25/2016 | 1 | 3 | 332.46 GUP | S3H-S-605 | 04/15/2024 | 02/27/2024 | 01/25/2016 | Book | |||||
| Central Library (CL) | Central Library (CL) | General Stacks | 01/25/2016 | 332.46 GUP | S3H-S-606 | 01/13/2023 | 01/25/2016 | Book |
